Pred prvým (a aj ďalším) investovaním

Ochrana bežného spotrebiteľa finančných služieb pred nástrahami kapitálových trhov.

Salvato in:
Dettagli Bibliografici
Autore principale: Škriniar, Pavel, 1979-
Natura: Capitolo di libro
Lingua:slovacco
Soggetti:
Tags: Aggiungi Tag
Nessun Tag, puoi essere il primo ad aggiungerne!!

MARC

LEADER 00000nla a2200000 4500
001 0163608
005 20240502072838.8
041 0 |a slo 
044 |a SK 
245 1 0 |a Pred prvým (a aj ďalším) investovaním  |c Pavel Škriniar 
520 |a Ochrana bežného spotrebiteľa finančných služieb pred nástrahami kapitálových trhov. 
610 2 0 |a investori 
610 2 0 |a investovanie 
610 2 0 |a riziko 
610 2 0 |a ochrana spotrebiteľa 
610 2 0 |a služby finančné 
610 2 0 |a trh kapitálový 
100 1 |a Škriniar, Pavel, 1979-